000 00373nam a2200145Ia 4500
005 20250319212355.0
008 240331s9999 xx 000 0 und d
082 _bPAN
_a894
100 _aPanchangam, K
245 0 _aThamil ilakkiyath thiranaaivu varalaru
260 _aKumbakonam
_bAgaram
_c1996
300 _a128 p .,
500 _aA book Tamil Illakiya Aayvu
942 _cL
999 _c4084
_d4084